Study of granding and refunding credit procedure for women grouping in southern Benin : case of motorized grinder (Record no. 32011)

MARC details
000 -LEADER
fixed length control field 03220 a2200373 4500
041 ## - CODE DE LANGUE
Language code of summary or abstract/overprinted title or subtitle Fr
040 ## - SOURCE DU CATALOGAGE
Original cataloging agency Support
041 ## - CODE DE LANGUE
Language code of summary or abstract/overprinted title or subtitle Fr
041 ## - CODE DE LANGUE
Language code of summary or abstract/overprinted title or subtitle En
100 ## - VEDETTE PRINCIPALE - NOM DE PERSONNE
Personal name AZAGNANDJI, Hermann Réis
130 ## - VEDETTE PRINCIPALE - TITRE UNIFORME
Language of a work Fr
100 ## - VEDETTE PRINCIPALE - NOM DE PERSONNE
Affiliation Abomey-Calavi, Université d'Abomey-Calavi, Faculté des Sciences Agronomiques, Bj
240 ## - UNIFORM TITLE
Uniform title <a href="Etude de la procédure d'octroi et de remboursement du crédit aux groupements de femmes au Sud Bénin">Etude de la procédure d'octroi et de remboursement du crédit aux groupements de femmes au Sud Bénin</a>
260 ## - PUBLICATION, DISTRIBUTION, ETC. (IMPRINT)
Place of publication, distribution, etc Abomey-Calavi
260 ## - PUBLICATION, DISTRIBUTION, ETC. (IMPRINT)
Name of publisher, distributor, etc FSA/UAC
245 ## - TITLE STATEMENT
Title Study of granding and refunding credit procedure for women grouping in southern Benin : case of motorized grinder
260 ## - PUBLICATION, DISTRIBUTION, ETC. (IMPRINT)
Date of publication, distribution, etc Décembre 2002
300 ## - PHYSICAL DESCRIPTION
Extent [21]-69 p.
300 ## - PHYSICAL DESCRIPTION
Other physical details 29 cm
502 ## - DISSERTATION NOTE
Dissertation note Thèse pour l'obtention du Diplôme d'Ingénieur Agronome
500 ## - GENERAL NOTE
General note Annexes
520 ## - SUMMARY, ETC.
Summary, etc Le domaine de la transformation est traditionnellement réservé aux femmes, et c'est aussi le domaine où les femmes rurales invertissent le plus d'heures de travail et d'énergie du fait du faible niveau technologique. Elles y tirent l'essentiel de leur revenu malgré la faible productivié du domaine de la transformation des produits agricoles. En effet ces femmes coincées dans le cercle vicieux de la pauvreté, ne peuvent pas acquérir de nouvelles technologies. afin de réduire la pénibilité du travail et d'améliorer leur revenu, des efforts ont été consentis ces dernières années par les institutions de microfinance pour introduire de nouvelles technologies de transformation. C'est danc se cadre que la Composante Privée du Programme d'Appui au Développement du Secteur Agricole (PADSA) a octroyé des râpeuses motorisées par le biais du crédit aux groupements de femmes transformateurs des racines de manioc en gari. Entre 1998 et 2000, 65 râpeuses motorisées ont été introduites au niveau des GF installés au Sud Bénin. Dans sa stratégie d'intervention, le PADSA utilise des ONG comme des Intermédiaires Techniques et Financier pour assurer l'animation, la formation ,les encadrements de GF et le recouvrement des fonds. Le constat aujourd'hui est que seulement 18 GF sur 65 ont effectivement remboursé le crédit à bonne date. On se demande alors pourquoi une telle situation. En d'autre terme, quels sont les déterminants du remboursement de crédit contracté par les GF ? La présente étude vise à comrendre et expliquer le taux élevé de défaillance observé. A cet effet, trois objectifs spécifiques sont fixés à savoir : étudier la procédure d'octroi du crédit de râpeuses motorisées au sein des groupements de femmes (GF) ; étudier la procédure de remboursement du crédit au sein des GF producteurs de gari et enfin analyser les facteurs qui affectent le remboursement du crédit au sein des GF producteurs de gari.
653 1# - INDEX TERM--UNCONTROLLED
Uncontrolled term Economie, Socio-Anthropologie et Communication
650 ## - SUBJECT ADDED ENTRY--TOPICAL TERM
Topical term or geographic name as entry element CREDIT
650 ## - SUBJECT ADDED ENTRY--TOPICAL TERM
Topical term or geographic name as entry element GROUPEMENT
650 ## - SUBJECT ADDED ENTRY--TOPICAL TERM
Topical term or geographic name as entry element FEMME
650 ## - SUBJECT ADDED ENTRY--TOPICAL TERM
Topical term or geographic name as entry element REMBOURSEMENT
650 ## - SUBJECT ADDED ENTRY--TOPICAL TERM
Topical term or geographic name as entry element INVESTISSEMENT
653 #1 - INDEX TERM--UNCONTROLLED
Uncontrolled term Economie, Socio-Anthropologie et Communication
651 ## - SUBJECT ADDED ENTRY--GEOGRAPHIC NAME
Geographic name SUD BENIN
690 ## - LOCAL SUBJECT ADDED ENTRY--TOPICAL TERM (OCLC, RLIN)
Topical term or geographic name as entry element GROUPEMENT DES FEMMES
710 ## - ADDED ENTRY--CORPORATE NAME
Corporate name or jurisdiction name as entry element Abomey-Calavi, Université d'Abomey-Calavi, Faculté des Sciences Agronomiques, Bj
Holdings
Withdrawn status Lost status Damaged status Not for loan Location (home branch) Sublocation or collection (holding branch) Date acquired Koha issues (times borrowed) Koha full call number Koha date last seen Copy number Price effective from Koha item type Public note
        Bibliothèque-Centre de Documentation de la Faculté des Sciences Agronomiques Bibliothèque-Centre de Documentation de la Faculté des Sciences Agronomiques     T.ESAC.2002.009 28/02/2009 02 28/02/2009 Livre A.9243


© 2008, Bibliothèques de l'Université d'Abomey-Calavi

04 BP 789 Cotonou, Tél. : +229 21 36 01 01, Fax : +229 21 35 06 32

Courriel : bu@bu.uac.bj